[Event "Extraliga CZE"]
[Site "Ostrava CZE"]
[Date "2000.03.18"]
[Round "10"]
[White "Zezulkin,J"]
[Black "Mrva,M"]
[Result "1/2-1/2"]
[WhiteElo "2478"]
[BlackElo "2441"]

1.e4 c5 2.Nf3 e6 3.d4 cxd4 4.Nxd4 a6 5.Nc3 Qc7 6.Bd3 Nf6 7.Be3 h5 8.Qd2 Bb4
9.Nde2 Ng4 10.a3 Be7 11.Bf4 d6 12.h3 Ne5 13.Bg5 f6 14.Be3 Nbd7 15.Nd4 Nb6
16.b3 Bd7 17.Nce2 Nxd3+ 18.Qxd3 e5 19.Nf3 Be6 20.c4 Nd7 21.Nc3 Rc8 22.Nd5 Bxd5
23.exd5 b5 24.cxb5 Qa5+ 25.Ke2 Qxb5 26.Qxb5 axb5 27.Rhc1 Kf7 28.a4 bxa4 29.bxa4 Rxc1
30.Rxc1 Ra8 31.Rc7 Ke8 32.Ra7 Rxa7 33.Bxa7 Bd8 34.Nh4 Bb6 35.Bxb6 Nxb6 36.a5 Nxd5
37.Nf5 g6 38.Nxd6+ Kd7 39.Nc4 Kc6 40.g3 Kb5 41.Kd3 Nb4+ 42.Kc3 Nd5+ 43.Kd3 Nb4+
44.Kc3 Nd5+  1/2-1/2

[Event "NED-chT"]
[Site "Leeuwarden NED"]
[Date "2000.03.19"]
[Round "6"]
[White "Vedder,H"]
[Black "Kuipers,E"]
[Result "1/2-1/2"]
[WhiteElo "2389"]
[BlackElo "2271"]

1.e4 c5 2.Nf3 e6 3.Nc3 a6 4.d4 cxd4 5.Nxd4 Qc7 6.f4 Nc6 7.Nb3 b5 8.Qf3 Bb7
9.Bd3 Nf6 10.O-O d6 11.a4 b4 12.Ne2 Be7 13.g4 h6 14.h3 Rc8 15.Be3 Nd7 16.Qf2 Na5
17.Nxa5 Qxa5 18.Nd4 O-O 19.Nb3 Qc7 20.a5 Bf6 21.Ra2 Nc5 22.Nxc5 dxc5 23.b3 Rfd8
24.Qe2 Bd4 25.Bxd4 Rxd4 26.Raa1 Rcd8 27.Rf2 Qc8 28.Re1 Qa8 29.Rg2 c4 30.bxc4 b3
31.Rg3 Qa7 32.Kf1 bxc2 33.Qxc2 Qc5 34.Rb1 Bc6 35.Rb6 Bxe4 36.Bxe4 Rd1+ 37.Ke2 R1d2+
38.Qxd2 Rxd2+ 39.Kxd2 f5 40.Re3 fxe4 41.Rbb3 Qxc4 42.Ra3 Qd4+ 43.Kc2 Qd6
44.Ra4 Qxf4 45.Raxe4 Qc7+ 46.Kb3 Qxa5 47.Rxe6 Qa1 48.Re1 Qd4 49.R6e3 a5 50.Ka3 Kh7
51.Kb3 Kg6 52.Kc2 a4 53.Rc3 Qd5 54.Ree3 Qa2+ 55.Kd1 Qb2 56.Rf3 Qb1+ 57.Ke2 Qb2+  1/2-1/2

[Event "AB Puchko Mem"]
[Site "Alushta UKR"]
[Date "2000.03.22"]
[Round "4"]
[White "Shengelia,D"]
[Black "Mikhaletz,L"]
[Result "1-0"]
[WhiteElo "2387"]
[BlackElo "2513"]

1.e4 c5 2.Nf3 e6 3.d4 cxd4 4.Nxd4 a6 5.Nc3 Qc7 6.Bd3 Nf6 7.O-O Nc6 8.Be3 Ne5
9.h3 d6 10.Qe2 Be7 11.f4 Nxd3 12.cxd3 b5 13.Rac1 Qb7 14.e5 Nd5 15.Nxd5 Qxd5
16.Nc6 Bf8 17.Rc2 Bd7 18.Rfc1 dxe5 19.Nxe5 Bd6 20.Bc5 Bc7 21.Kh1 a5 22.Qg4 Bxe5
23.fxe5 Qxe5 24.Bd4 h5 25.Qh4 Qf5 26.Rc5 Qh7 27.Rc7 Rd8 28.Bc5 g5 29.Qxg5 f5
30.Bb6 Qh6 31.Qh4 O-O 32.Re1 f4 33.Rc5 Rc8 34.Rg5+ Kf7 35.Bc5 Rg8 36.Rxh5 Qf6
37.Rh7+  1-0

[Event "Cat XI Spring"]
[Site "Kiev UKR"]
[Date "2000.03.24"]
[Round "3"]
[White "Vorobiov,E"]
[Black "Gritsak,O"]
[Result "1-0"]
[WhiteElo "2500"]
[BlackElo "2522"]

1.e4 c5 2.Nf3 e6 3.Nc3 a6 4.d4 cxd4 5.Nxd4 Qc7 6.g3 Nf6 7.Bg2 Nc6 8.O-O Nxd4
9.Qxd4 Bc5 10.Bf4 d6 11.Qd2 h6 12.Rad1 e5 13.Be3 Be6 14.Bxc5 dxc5 15.f4 O-O
16.Nd5 Bxd5 17.exd5 Rfe8 18.d6 Qd7 19.fxe5 Rxe5 20.Qa5 Rc8 21.Rf4 Re2 22.Qb6 Rxc2
23.Qxb7 Qxb7 24.Bxb7 Rd8 25.Rf2 Rxf2 26.Kxf2 a5 27.Kf3 Ne8 28.d7 Nf6 29.Bc6 Kf8
30.Kf4 Ke7 31.Re1+ Kd6 32.Re8 Kc7 33.Bb5 Nxd7 34.Re7 Kd6 35.Rxf7 Rf8 36.Rxf8 Nxf8
37.Kf5 Kd5 38.b3 Kd4 39.a4 Kd5 40.Bc4+ Kd6 41.h4 h5 42.Bf7  1-0

[Event "ch-ISL (team)"]
[Site "Reykjavik ISL"]
[Date "2000.03.24"]
[Round "?"]
[White "Bjornsson,S"]
[Black "Olafsson,H"]
[Result "0-1"]
[WhiteElo "2282"]
[BlackElo "2491"]

1.e4 c5 2.Nf3 e6 3.d4 cxd4 4.Nxd4 a6 5.Nc3 b5 6.g3 Bb7 7.Bg2 Nf6 8.a3 d6
9.O-O Nbd7 10.Re1 Rc8 11.f4 e5 12.Nf5 Qc7 13.g4 h6 14.g5 hxg5 15.fxg5 Nh5
16.g6 fxg6 17.Nh4 Nf4 18.Bxf4 Rxh4 19.Bg5 Rh5 20.Qg4 Be7 21.Be3 Kf7 22.Bh3 Nf6
23.Qe6+ Kf8 24.Nd5 Nxd5 25.exd5 Bf6 26.Rf1 Qd8 27.Rf2 Rc7 28.Bb6 Bxd5 29.Qxd5 Rxh3
30.Bxc7 Qxc7 31.Qa8+ Ke7 32.Qxa6 Qc5 33.Qb7+ Ke6 34.Qe4 Rxh2 35.Kxh2 Qxf2+
36.Kh1 d5 37.Qxg6 e4 38.Qg4+ Kd6 39.a4 Bxb2 40.Rd1 Be5 41.Qh3 Qxc2 42.Qa3+ Qc5
43.Qxc5+ Kxc5 44.axb5 d4 45.Rb1 d3 46.Kg2 Kc4 47.b6 d2 48.b7 Kd3 49.Kf2 Kc2
50.Rh1 g5 51.Ke2 g4 52.Rd1 e3 53.Rg1 g3 54.Rd1 g2 55.Rg1 Bg3 56.Ra1 Bh2 57.b8=Q Bxb8
58.Kxe3 g1=Q+  0-1

[Event "21st Open A"]
[Site "Bled SLO"]
[Date "2000.03.25"]
[Round "1"]
[White "Savanovic,A"]
[Black "Illijin,N"]
[Result "1-0"]
[WhiteElo "2435"]
[BlackElo "2262"]

1.e4 c5 2.Nf3 e6 3.d4 cxd4 4.Nxd4 a6 5.Nc3 b5 6.Bd3 Qb6 7.Nb3 Qc7 8.O-O Bb7
9.Bd2 Nf6 10.Qe2 b4 11.Nd1 Nc6 12.f4 a5 13.e5 Nd5 14.Ne3 a4 15.Nxd5 exd5
16.Nc1 Nd4 17.Qd1 Bc5 18.Kh1 a3 19.bxa3 Rxa3 20.Nb3 Nxb3 21.axb3 Bd4 22.Rc1 Bc3
23.Bxc3 Qxc3 24.Qg4 g6 25.f5 Kd8 26.Qh4+ Kc8 27.fxg6 fxg6 28.Qe7 Rd8 29.e6 dxe6
30.Rf7  1-0

[Event "ch-LTU"]
[Site "Vilnius LTU"]
[Date "2000.03.25"]
[Round "1"]
[White "Tokarevas,T"]
[Black "Kveinys,A"]
[Result "0-1"]
[WhiteElo "2175"]
[BlackElo "2496"]

1.e4 c5 2.Nf3 e6 3.Nc3 a6 4.d4 cxd4 5.Nxd4 b5 6.Bd3 Qb6 7.Nf3 Nc6 8.O-O Nge7
9.Be3 Qb8 10.Ng5 f6 11.Nh3 Ng6 12.f4 Be7 13.Qh5 O-O 14.Rf3 Rf7 15.Nf2 Bd8
16.Rh3 Nf8 17.Rg3 Bb6 18.Re1 Bxe3 19.Rexe3 Qxf4 20.Ng4 Ng6 21.Rh3 Kf8 22.Qxh7 Qxg4
23.Rhg3 Qh4  0-1

[Event "55th ch-YUG"]
[Site "Subotica YUG"]
[Date "2000.03.28"]
[Round "11"]
[White "Todorovic,GM"]
[Black "Pavlovic,Mi"]
[Result "1/2-1/2"]
[WhiteElo "2426"]
[BlackElo "2481"]

1.e4 c5 2.Nf3 e6 3.d4 cxd4 4.Nxd4 a6 5.Nc3 Qc7 6.Bd3 Nf6 7.f4 d6 8.O-O Nbd7
9.Kh1 Be7 10.Nf3 O-O 11.Qe1 Nc5 12.e5 Ne8 13.Bd2 Bd7 14.exd6 Nxd6 15.Nd5 exd5
16.Qxe7 Rfe8 17.Qh4 Nce4 18.f5 Nxf5 19.Qf4 Qxf4 20.Bxf4 f6 21.Rad1 Rad8 22.Kg1 Nc5
23.Rfe1 Rxe1+ 24.Nxe1 d4 25.Bc4+ Be6 26.Nd3 Bxc4 27.Nxc5 Re8 28.Nxb7 Re2
29.Nd6 Nxd6 30.Bxd6 d3 31.cxd3 Bd5 32.g4 Rxb2 33.Bg3 Bf3 34.Rc1 Bxg4 35.Rc4 Bf5
36.a3 Bxd3 37.Rc8+ Kf7 38.Rc7+ Kg6 39.Bd6 Be4 40.Ra7 Bb7 41.Bb4 Be4 42.Bf8 Bb7
43.Bb4 Bc8 44.Rc7 Be6 45.Bf8 Bf7 46.Rc3 Rb3 47.Rg3+ Rxg3+ 48.hxg3 Be6 49.Kf2 Kf7
50.Bb4 g5 51.a4 Kg6 52.a5 f5 53.Be7 Kh5 54.Bf8 Bd5 55.Bg7 Kg4 56.Bh6 Bc6
57.Ke3 Bb7 58.Kf2 Ba8 59.Ke3 Be4 60.Kf2 Bd5 61.Ke3 Be4 62.Kf2 f4 63.gxf4 Kxf4
64.Kg1 Kf5 65.Kf2 Kg6 66.Bf8 h5 67.Be7 h4 68.Bd8 Kh5 69.Be7 g4 70.Bd6 g3+
71.Bxg3 hxg3+ 72.Kxg3  1/2-1/2

[Event "Open"]
[Site "Bad Wildbad GER"]
[Date "2000.04.01"]
[Round "1"]
[White "Saltaev,M"]
[Black "Mueller,Mark"]
[Result "1-0"]
[WhiteElo "2462"]
[BlackElo "2104"]

1.e4 c5 2.Nf3 e6 3.d4 cxd4 4.Nxd4 a6 5.Nc3 Qc7 6.Bd3 Nc6 7.Be3 Nf6 8.O-O Ne5
9.h3 Bc5 10.Qe2 b5 11.f4 Qb6 12.fxe5 Bxd4 13.Nd1 Ng8 14.Qf2 Bxe3 15.Nxe3 Nh6
16.g4 Rf8 17.g5 Ng8 18.Ng4 Qxf2+ 19.Kxf2 Bb7 20.a4 Ke7 21.Ke3 Bc6 22.axb5 axb5
23.h4 Rfb8 24.b3 Ke8 25.Kd4 Ne7 26.h5 Nc8 27.h6 gxh6 28.Rxa8 Rxa8 29.Nxh6 d6
30.Rxf7  1-0

[Event "AUT Staatsliga Qualifier"]
[Site "Linz AUT"]
[Date "2000.04.01"]
[Round "2"]
[White "Wegener,D"]
[Black "Duer,A"]
[Result "1-0"]
[WhiteElo "2307"]
[BlackElo "2378"]

1.e4 c5 2.Nf3 e6 3.d4 cxd4 4.Nxd4 a6 5.Nc3 d6 6.Be2 Nf6 7.O-O Nbd7 8.a4 b6
9.f4 Bb7 10.Bd3 Be7 11.Qf3 Nc5 12.Kh1 O-O 13.b3 Nxd3 14.cxd3 Nd7 15.Nde2 Bf6
16.d4 Re8 17.Bb2 Nf8 18.Rad1 Ng6 19.Ng3 b5 20.axb5 axb5 21.Nh5 b4 22.Na4 Nh4
23.Qe3 d5 24.Nc5 Ba6 25.Nxf6+ Qxf6 26.Nxa6 Rxa6 27.exd5 Rd6 28.dxe6 Rdxe6
29.Qf2 Qd8 30.Rde1 Nf5 31.Re5 Ne7 32.f5 Rf6 33.Qe3 Kf8 34.g4 h5 35.d5 Rd6
36.f6 Rxf6 37.Rxf6 gxf6 38.Qh6+ Kg8 39.Qxf6 Kf8 40.Qh6+ Kg8 41.Qh8+  1-0

[Event "Frisco Masters"]
[Site "San Francisco USA"]
[Date "2000.04.02"]
[Round "4"]
[White "Shakhnazarov,O"]
[Black "Schiller,E"]
[Result "0-1"]
[WhiteElo "2209"]
[BlackElo "2165"]

1.e4 c5 2.Nf3 e6 3.d4 cxd4 4.Nxd4 a6 5.Nc3 b5 6.Bd3 Bc5 7.Nb3 Ba7 8.a4 b4
9.Ne2 Ne7 10.a5 Nbc6 11.O-O O-O 12.Bf4 e5 13.Bg5 d6 14.Bc4 h6 15.Be3 Qc7
16.Qd3 Bxe3 17.fxe3 Nd8 18.Ng3 Be6 19.Nd2 Ndc6 20.Nf5 Bxf5 21.exf5 d5 22.Bb3 e4
23.Qe2 Qe5 24.Qg4 Kh7 25.Ra2 Ng8 26.Qf4 Nf6 27.g4 g5 28.Qxe5 Nxe5 29.h3 Rac8
30.Ra4 Rb8 31.Kf2 Rfc8 32.Rg1 Rc5 33.Ke2 Kg7 34.Rg3 Nc6 35.Rg1 Rbb5 36.Raa1 Nxa5
37.Ba4 Rb6 38.Nb3 Rxc2+ 39.Kd1 Nxb3 40.Kxc2 Nxa1+ 41.Rxa1 Kf8 42.Rd1 Ke7
43.Kb3 Kd6 44.Rd4 a5 45.Kc2 Kc5 46.b3 h5  0-1

[Event "FSGM April"]
[Site "Budapest HUN"]
[Date "2000.04.03"]
[Round "3"]
[White "Balogh,C"]
[Black "Fogarasi,T"]
[Result "0-1"]
[WhiteElo "2356"]
[BlackElo "2429"]

1.e4 c5 2.Nf3 e6 3.d4 cxd4 4.Nxd4 a6 5.Nc3 b5 6.Bd3 Qb6 7.Be3 Bc5 8.Be2 Bb7
9.a3 Nc6 10.Nxc6 Bxc6 11.Bxc5 Qxc5 12.O-O Nf6 13.Qd3 O-O 14.Bf3 a5 15.b4 axb4
16.axb4 Qxb4 17.Rab1 Qc5 18.Nxb5 Ra4 19.Nc3 Rc4 20.Rb3 Rc8 21.Rfb1 g6 22.h3 Ba8
23.Ra1 e5 24.Na4 Qa7 25.Qd6 Nxe4 26.Bxe4 Bxe4 27.Qxe5 d6 28.Qb5 Bxc2 29.Rb4 Rxb4
30.Qxb4 Ra8  0-1

[Event "Frisco Masters"]
[Site "San Francisco USA"]
[Date "2000.04.03"]
[Round "7"]
[White "Blohm,D"]
[Black "Schiller,E"]
[Result "1/2-1/2"]
[WhiteElo "2158"]
[BlackElo "2165"]

1.e4 c5 2.Nf3 e6 3.d4 cxd4 4.Nxd4 a6 5.Nc3 b5 6.Bd3 Ne7 7.O-O Nbc6 8.Be3 Nxd4
9.Bxd4 Nc6 10.Be3 Bb7 11.Qh5 Nb4 12.f4 g6 13.Qh3 Rc8 14.f5 gxf5 15.exf5 Nxd3
16.fxe6 dxe6 17.Rxf7 Kxf7 18.Qh5+ Ke7 19.Bg5+ Kd7 20.Bxd8 Bc5+ 21.Kh1 Nf2+
22.Kg1 Nd3+ 23.Kh1  1/2-1/2

[Event "Open"]
[Site "Bad Wildbad GER"]
[Date "2000.04.05"]
[Round "7"]
[White "Gypser,A"]
[Black "Vatter,H"]
[Result "0-1"]
[WhiteElo "2175"]
[BlackElo "2362"]

1.e4 c5 2.Nf3 e6 3.d4 cxd4 4.Nxd4 a6 5.Nc3 Qc7 6.Be2 Nf6 7.O-O Bb4 8.Qd3 d6
9.Qg3 Nbd7 10.Bg5 Bxc3 11.Bxf6 Nxf6 12.Qxg7 Bxd4 13.Qxh8+ Ke7 14.c3 Ba7 15.Bf3 Rb8  0-1

[Event "Open"]
[Site "Dos Hermanas ESP"]
[Date "2000.04.07"]
[Round "1"]
[White "Flores,J"]
[Black "Tyomkin,D"]
[Result "0-1"]
[WhiteElo "2050"]
[BlackElo "2516"]

1.e4 c5 2.Nf3 e6 3.d4 cxd4 4.Nxd4 a6 5.Nc3 b5 6.Bd3 Qb6 7.Nb3 Qc7 8.Be3 Bb7
9.f4 d6 10.O-O b4 11.Na4 Nd7 12.c3 bxc3 13.Rc1 Ngf6 14.Nxc3 Qd8 15.Qe1 Be7
16.Qg3 O-O 17.Rfd1 e5 18.Nd5 Nxd5 19.exd5 g6 20.f5 Bf6 21.fxg6 hxg6 22.Bh6 Bg7
23.Bg5 Qb8 24.h4 Bxd5 25.h5 f5 26.hxg6 Qe8 27.Rc7 Be6 28.Qh4 Qxg6 29.Be2 d5
30.Rdc1 Nf6 31.R1c6 Ne4 32.Be7 Rfc8 33.Bh5 Qh6 34.Bd6 Rxc7 35.Bxc7 Qe3+ 36.Kh2 Bf6
37.Qh3 Qf4+ 38.Kh1 Nf2+ 39.Kg1 Nxh3+ 40.gxh3 Qg3+ 41.Kf1 Qxh3+  0-1

[Event "19th Open"]
[Site "Reykjavik ISL"]
[Date "2000.04.08"]
[Round "4"]
[White "Bjornsson,T"]
[Black "Olafsson,H"]
[Result "1/2-1/2"]
[WhiteElo "2224"]
[BlackElo "2491"]

1.e4 c5 2.Nf3 e6 3.d4 cxd4 4.Nxd4 a6 5.Nc3 b5 6.Bd3 Qb6 7.Nb3 Qc7 8.O-O Nf6
9.f4 d6 10.e5 Nfd7 11.exd6 Bxd6 12.Kh1 Be7 13.f5 O-O 14.Bf4 Qb6 15.fxe6 fxe6
16.Qe2 Nf6 17.Ne4 Nbd7 18.Ng5 e5 19.Bxe5 Nxe5 20.Qxe5 Qd6 21.Qxd6 Bxd6 22.Ne4 Be5  1/2-1/2

[Event "Val Zemitis IM"]
[Site "San Francisco USA"]
[Date "2000.04.09"]
[Round "6"]
[White "Reizniece,D"]
[Black "Ilic,Z1"]
[Result "0-1"]
[WhiteElo "2259"]
[BlackElo "2381"]

1.e4 c5 2.Nf3 e6 3.d4 cxd4 4.Nxd4 a6 5.Nc3 b5 6.Be2 Bb7 7.O-O b4 8.Na4 Bxe4
9.c4 Nc6 10.Be3 Nf6 11.f3 Nxd4 12.Qxd4 Bc6 13.Nb6 Rb8 14.c5 a5 15.Rfd1 Be7
16.Ba6 O-O 17.Rac1 Nd5 18.Nxd5 Bxd5 19.Bf4 Ra8 20.Bc4 Bc6 21.Bd3 f5 22.Be5 Rf7
23.Bc4 Qf8 24.Bd6 Bf6 25.Qd2 Qc8 26.Qe2 Qb7 27.Rc2 h6 28.Qd3 Kh8 29.Re2 Be7
30.Bxe7 Rxe7 31.Qd6 Rae8 32.Qe5 Rc8 33.Red2 Qa7 34.Qd6 Rf7 35.Rc1 Qb7 36.Re2 Qb8
37.Ba6 Re8 38.Bc4 Rff8 39.Re5 Rc8 40.Ba6 Rce8 41.Bc4 Qd8 42.Rce1 Qb8 43.Rc1 Qa8
44.Rce1 a4 45.Rd1 Qb8 46.Rc1 Rc8 47.Ba6 Qxd6 48.cxd6 Rb8 49.Bc4 Rb6 50.Rc5 Rf6
51.Re5 g5 52.Kf2 Kg7 53.Ke3 Rf8 54.Kd4 Ba8 55.Rb5 Rxd6+ 56.Ke5 Rd2 57.Rxb4 Re8
58.Rb6 Bc6 59.Rxc6 dxc6 60.Re1 Rd5+  0-1

[Event "FSIMA April"]
[Site "Budapest HUN"]
[Date "2000.04.10"]
[Round "10"]
[White "Sziebert,A"]
[Black "Orso,M"]
[Result "1-0"]
[WhiteElo "2334"]
[BlackElo "2341"]

1.e4 c5 2.Nf3 e6 3.d4 cxd4 4.Nxd4 a6 5.Nc3 Qc7 6.Be2 Nf6 7.O-O Nc6 8.Be3 Bb4
9.Na4 b5 10.Nb6 Qxb6 11.Nxe6 Qb8 12.Nxg7+ Kd8 13.Bg5 Be7 14.Nf5 Rg8 15.Nxe7 Kxe7
16.Bh4 Qe5 17.f4 Qd4+ 18.Kh1 Ke8 19.Bf3 Qxd1 20.Raxd1 Ng4 21.Rd6 Ne3 22.Re1 Nc4
23.Rh6 Nd4 24.Bh5 Nxc2 25.Rc1 N2e3 26.Rxh7 Nd6 27.Rc5 Kf8 28.Re5 Rxg2 29.Bf6 Bb7
30.Rh8+ Rg8 31.Be7+ Kg7 32.Rxg8+ Rxg8 33.Bxd6 Nc4 34.Rg5+ Kh7 35.Be7 Bxe4+
36.Kg1 Bg6 37.Bxg6+ Rxg6 38.b3 Nd2 39.Rxg6 Kxg6 40.Kf2 Kf5 41.Ke3 Nf1+ 42.Kd4 Nxh2
43.Kc5 Nf3 44.Kb6 d5 45.Kxa6 d4 46.Kxb5 d3 47.Bb4 d2 48.Bxd2 Nxd2 49.b4 Ne4
50.Kc6 Kxf4 51.a4 Ke5 52.a5 Nd6 53.b5 f5 54.a6 Nc8 55.b6 Ne7+ 56.Kc5  1-0

[Event "Women's Open"]
[Site "St Petersburg RUS"]
[Date "2000.04.10"]
[Round "4"]
[White "Korbut,E"]
[Black "Gontcharova,O"]
[Result "1/2-1/2"]
[WhiteElo "2294"]
[BlackElo "2108"]

1.e4 c5 2.Nf3 e6 3.Nc3 a6 4.d4 cxd4 5.Nxd4 Qc7 6.a3 Nf6 7.f4 d6 8.Qf3 Nc6
9.Be3 Be7 10.Bd3 Bd7 11.O-O O-O 12.Qg3 Nh5 13.Qf3 Nxd4 14.Bxd4 g6 15.Rae1 Bc6
16.f5 exf5 17.Qh3 fxe4 18.Bxe4 Bg5 19.Rf5 Nf4 20.Qg4 Ne6 21.Bxc6 Nxd4 22.Rxg5 Nxc6
23.Nd5 Qd8 24.Rf1 Ne5 25.Qh3 f6 26.Qe6+ Kg7 27.Rg3 Rc8 28.Nxf6 Rxc2 29.Qb3 Rc7
30.Nd5 Rxf1+ 31.Kxf1 Rf7+ 32.Kg1 Qh4  1/2-1/2

[Event "FSIMA April"]
[Site "Budapest HUN"]
[Date "2000.04.13"]
[Round "13"]
[White "Cooke,E"]
[Black "Sziebert,A"]
[Result "0-1"]
[WhiteElo "2266"]
[BlackElo "2334"]

1.e4 c5 2.Nf3 e6 3.Nc3 a6 4.d4 cxd4 5.Nxd4 Qc7 6.g3 Bb4 7.Ne2 Be7 8.Bg2 Nf6
9.O-O O-O 10.a4 Nc6 11.h3 Rd8 12.g4 d5 13.exd5 Nb4 14.Bf4 Bd6 15.Bxd6 Rxd6
16.Nf4 exd5 17.g5 Rd8 18.Qf3 d4 19.gxf6 dxc3 20.bxc3 Nc6 21.Nd5 Qe5 22.Rad1 Be6
23.Ne7+ Kf8 24.Nxc6 bxc6 25.fxg7+ Qxg7 26.Qxc6 Bxh3 27.Rd3 Rac8 28.Qe4 Rxd3
29.cxd3 Bxg2 30.Qxg2 Rxc3 31.Qxg7+ Kxg7 32.Rb1 Rc6 33.Rb4 h5 34.Kg2 f6 35.Kg3 Kg6
36.Rb8 Rd6 37.Rb3 Rd4 38.a5 Ra4 39.d4 Rxa5 40.Rb6 Rg5+ 41.Kh4 a5 42.f3 Rd5  0-1

[Event "ch-TKM women"]
[Site "Ashgabat TKM"]
[Date "2000.04.21"]
[Round "2"]
[White "Brineva,ES"]
[Black "Erashova,D"]
[Result "1/2-1/2"]
[WhiteElo "2117"]
[BlackElo "2100"]

1.e4 c5 2.Nf3 e6 3.d4 cxd4 4.Nxd4 a6 5.Nc3 Qc7 6.Be3 b5 7.a3 Bb7 8.f3 Nf6
9.Qd2 Nc6 10.Nb3 Be7 11.O-O-O O-O 12.g4 Rfd8 13.g5 Ne8 14.h4 b4 15.Na4 Na5
16.Nxa5 Qxa5 17.Nb6 Rab8 18.Nc4 Qa4 19.b3 Qc6 20.a4 Bc5 21.Na5 Bxe3 22.Qxe3 Qc7
23.Nxb7 Qxb7 24.Qd3 a5 25.Kb1 Qc7 26.Qd2 d5 27.exd5 Rxd5 28.Bd3 Rbd8 29.Qe2 Nd6
30.Rc1 Qc3 31.Rhd1 g6 32.Qe1 Qxe1 33.Rxe1 Nf5 34.Be4 Rd4 35.Rh1 Ng3 36.Rhe1 Kg7
37.c3 bxc3 38.Rxc3 Nxe4 39.fxe4 Rd2 40.Rh3 Rf2 41.e5 Rdd2 42.Kc1 Rc2+ 43.Kb1 Rce2
44.Re3 Rb2+ 45.Ka1 Rh2 46.Rf1 Rbd2 47.Rc3 Rd7 48.Rc4 Ra7 49.Re1 Rb7 50.Re3 Rd7
51.Re1 Rd3 52.Rf1 Rd7 53.Re1 Rf2 54.Rc5 Rdd2 55.Rxa5 Ra2+  1/2-1/2

[Event "Doeberl Cup"]
[Site "Canbarra AUS"]
[Date "2000.04.21"]
[Round "2"]
[White "Wallace,JP"]
[Black "Szuveges,G"]
[Result "1-0"]
[WhiteElo "2367"]
[BlackElo "2203"]

1.e4 c5 2.Nf3 e6 3.d4 cxd4 4.Nxd4 a6 5.Nc3 Qc7 6.Bd3 Bc5 7.Nb3 Be7 8.Qg4 Nf6
9.Qxg7 Rg8 10.Qh6 Rg6 11.Qh3 d5 12.f4 e5 13.f5 Nc6 14.Nxd5 Nxd5 15.exd5 e4
16.Bxe4 Qe5 17.Qf3 Nb4 18.fxg6  1-0

[Event "XVIII Open"]
[Site "Metz FRA"]
[Date "2000.04.22"]
[Round "8"]
[White "Midoux,S"]
[Black "Eingorn,V"]
[Result "0-1"]
[WhiteElo "2241"]
[BlackElo "2597"]

1.e4 c5 2.Nf3 e6 3.d4 cxd4 4.Nxd4 a6 5.Nc3 Qc7 6.Be2 b5 7.O-O Bb7 8.Re1 Nc6
9.Nxc6 dxc6 10.e5 Rd8 11.Bd3 c5 12.Qh5 g6 13.Qh3 Bg7 14.Bg5 Ne7 15.Bf6 O-O
16.Qh4 Rd4 17.f4 Nf5 18.Bxf5 exf5 19.Be7 Re8 20.Bd6 Qc6 21.Qg3 Rxf4 22.h3 Rd4
23.Rad1 Rxd1 24.Nxd1 Re6 25.Nf2 c4  0-1

[Event "VI Leonardo Di Bona"]
[Site "Cutro ITA"]
[Date "2000.04.27"]
[Round "1"]
[White "Aleksic,N1"]
[Black "Razuvaev,Y"]
[Result "1/2-1/2"]
[WhiteElo "2405"]
[BlackElo "2548"]

1.e4 c5 2.Nf3 e6 3.Nc3 a6 4.d4 cxd4 5.Nxd4 b5 6.g3 Bb7 7.Bg2 Nf6 8.Qe2 b4
9.Nb1 Nc6 10.Be3 Qc7 11.Nb3 Ne5 12.Bf4 d5 13.exd5 Bd6 14.N1d2 Bxd5 15.O-O Bxg2
16.Kxg2 Nd5 17.Bxe5 Bxe5 18.Nc4 Bf6 19.a3 Rc8 20.Nbd2 a5 21.axb4 axb4 22.Kg1 O-O
23.Ra6 Rfd8 24.b3 Ra8 25.Rxa8 Rxa8 26.Ne4 Be7 27.Qd3 h6 28.Qe2 Ra2 29.Qd3 Qc6
30.Rc1 f5 31.Ned2 Bf6 32.Re1 Nc3 33.h4 Qd5 34.Qe3 Rxc2 35.Qxe6+ Qxe6 36.Rxe6 f4
37.Kf1 Nb5 38.gxf4 Nd4 39.Rb6 Nxb3 40.Rb8+ Kh7 41.Nxb3 Rxc4 42.h5 Rxf4 43.Ke2 Bc3
44.Nc1 Re4+ 45.Kf3 Rd4 46.Ne2 Rc4 47.Ke3 Be5 48.Rb5 Bd6 49.Kd3 Rc5 50.Rxb4 Rxh5
51.Rb2 Bc5 52.f3 Rh1 53.Rc2 Bd6 54.Rc1 Rh3 55.Ke3 g5 56.Rc4 h5 57.Kf2 Rh2+
58.Kf1 Kg7 59.Rc6 Be5 60.Re6 Bf6 61.Kg1 Rh4 62.Ng3 Kf7 63.Re4  1/2-1/2

[Event "Open"]
[Site "Dubai UAE"]
[Date "2000.04.28"]
[Round "1"]
[White "Visweswaran,K"]
[Black "Sax,G"]
[Result "1-0"]
[WhiteElo "2286"]
[BlackElo "2609"]

1.e4 c5 2.Nf3 e6 3.d4 cxd4 4.Nxd4 a6 5.Nc3 Qc7 6.Be2 b5 7.O-O Bb7 8.a3 Nf6
9.Qd3 d6 10.f4 Nbd7 11.Bf3 Be7 12.Kh1 Rc8 13.Bd2 Nb6 14.Rae1 Nc4 15.Bc1 O-O
16.e5 dxe5 17.fxe5 Nd7 18.Bxb7 Qxb7 19.Qg3 Kh8 20.Re4 Qc7 21.Nf3 f5 22.Re2 Qb6
23.Rd1 Rcd8 24.b3 Nxa3 25.Bg5 Qc5 26.Qh4 Rfe8 27.b4 Qxc3 28.Bxe7 Rc8 29.Rxd7 Qc6
30.Ng5 h6 31.Qxh6+  1-0

[Event "VI Leonardo Di Bona"]
[Site "Cutro ITA"]
[Date "2000.04.29"]
[Round "3"]
[White "Aleksic,N1"]
[Black "Borgo,G"]
[Result "1/2-1/2"]
[WhiteElo "2405"]
[BlackElo "2382"]

1.e4 c5 2.Nf3 e6 3.Nc3 a6 4.d4 cxd4 5.Nxd4 Nc6 6.g3 Nge7 7.Nb3 Na5 8.Bf4 Nec6
9.Bd6 Bxd6 10.Qxd6 Qe7 11.O-O-O Qxd6 12.Rxd6 Ke7 13.Rd2 b5 14.Bg2 Nc4  1/2-1/2

[Event "ch-NED"]
[Site "Rotterdam NED"]
[Date "2000.05.07"]
[Round "1"]
[White "Van der Wiel,J"]
[Black "Bosboom,M"]
[Result "1/2-1/2"]
[WhiteElo "2558"]
[BlackElo "2461"]

1.e4 c5 2.Nf3 e6 3.d4 cxd4 4.Nxd4 a6 5.Nc3 b5 6.Bd3 Qb6 7.Be3 Bc5 8.Be2 Nc6
9.Nxc6 Bxe3 10.fxe3 dxc6 11.Qd6 Ne7 12.O-O-O Ra7 13.Qd4 Qxd4 14.exd4 e5 15.d5 O-O
16.Rd2 cxd5  1/2-1/2

[Event "Capablanca Mem Premier I"]
[Site "Varadero CUB"]
[Date "2000.05.08"]
[Round "2"]
[White "Gongora,M"]
[Black "Blees,A"]
[Result "0-1"]
[WhiteElo "2439"]
[BlackElo "2402"]

1.e4 c5 2.Nf3 e6 3.d4 cxd4 4.Nxd4 a6 5.Nc3 b5 6.Bd3 g6 7.f4 d6 8.Be3 Bg7
9.O-O Bb7 10.f5 e5 11.fxg6 hxg6 12.Ndxb5 axb5 13.Bxb5+ Bc6 14.Bxc6+ Nxc6
15.Qd5 Qd7 16.Nb5 Nf6 17.Rxf6 Bxf6 18.Nxd6+ Kf8 19.Rf1 Ra5 20.Bc5 Rxc5 21.Qxc5 Kg7
22.Qd5 Rd8 23.Rd1 Nd4 24.Nb7 Qg4  0-1

[Event "New York Open"]
[Site "New York USA"]
[Date "2000.05.09"]
[Round "7"]
[White "Nataf,IA"]
[Black "Paragua,M"]
[Result "1-0"]
[WhiteElo "2529"]
[BlackElo "2368"]

1.e4 c5 2.Nf3 e6 3.d4 cxd4 4.Nxd4 a6 5.Nc3 Qc7 6.Be2 Nf6 7.O-O Nc6 8.Kh1 Nxd4
9.Qxd4 Bc5 10.Qd3 h5 11.Bg5 Ng4 12.f4 b5 13.e5 Bb7 14.Bf3 Nh6 15.Bxb7 Qxb7
16.Ne4 Rc8 17.Nxc5  1-0

[Event "Cat IV Women"]
[Site "Banja Dvorovi YUG"]
[Date "2000.05.11"]
[Round "5"]
[White "Jovanovic,San"]
[Black "Sakotic,J"]
[Result "1-0"]
[WhiteElo "2203"]
[BlackElo "2046"]

1.e4 c5 2.Nf3 e6 3.d4 cxd4 4.Nxd4 a6 5.Nc3 Qc7 6.Be3 Nf6 7.Be2 Nc6 8.O-O Be7
9.f4 d6 10.Qe1 O-O 11.Qg3 Rd8 12.Kh1 Nxd4 13.Bxd4 b5 14.e5 Ne8 15.f5 dxe5
16.Bxe5 Bd6 17.Bxd6 Qxd6 18.Qh4 Qc7 19.a4 bxa4 20.Rxa4 Bd7 21.fxe6 Bxe6 22.Rxa6 Rab8
23.Bd3 g6 24.Ne4 h5 25.Ng5 Bd5 26.Qf2 Nd6 27.b3 Qe7 28.h4 Rd7 29.Qd4 Bb7
30.Raa1 Nf5 31.Qf4 Re8 32.Bxf5 gxf5 33.Qxf5 Bxg2+ 34.Kxg2 Rd2+ 35.Rf2 Qb7+
36.Nf3 Rxf2+ 37.Kxf2 Qb6+ 38.Kg3 Qd6+ 39.Qf4 Qe6 40.Re1  1-0

[Event "ch-RUS Women"]
[Site "Elista RUS"]
[Date "2000.05.12"]
[Round "2"]
[White "Komiagina,M"]
[Black "Mirzoeva,E"]
[Result "1-0"]
[WhiteElo "2120"]
[BlackElo "2258"]

1.e4 c5 2.Nf3 e6 3.d4 cxd4 4.Nxd4 a6 5.Nc3 Qc7 6.f4 Bb4 7.Qf3 Nf6 8.Bd2 Nc6
9.Nxc6 Qxc6 10.Bd3 O-O 11.O-O b5 12.Kh1 Bb7 13.Rae1 Bc5 14.a3 d6 15.Qh3 h6
16.f5 exf5 17.Nd5 Nxd5 18.exd5 Qxd5 19.Rxf5 Qd4 20.c3 Qa4 21.Rg5 Bd4 22.Qxh6 f5
23.Qe6+ Rf7 24.cxd4 Qxd4 25.Bc3  1-0

[Event "ch-RUS Women"]
[Site "Elista RUS"]
[Date "2000.05.14"]
[Round "4"]
[White "Komiagina,M"]
[Black "Zakurdjaeva,I"]
[Result "0-1"]
[WhiteElo "2120"]
[BlackElo "2216"]

1.e4 c5 2.Nf3 e6 3.d4 cxd4 4.Nxd4 a6 5.Nc3 Qc7 6.f4 b5 7.Bd3 Bb7 8.a3 Bc5
9.Nb3 Ba7 10.Qf3 Nf6 11.Be3 Nc6 12.O-O O-O 13.Bxa7 Nxa7 14.Qh3 h6 15.e5 Nd5
16.Ne4 f5 17.Nd6 Qb6+ 18.Kh1 Bc6 19.Rae1 Nc8 20.Nxc8 Raxc8 21.c3 Ba8 22.Bb1 a5
23.Qd3 Rc4 24.Nd4 Qb7 25.Re2 Rfc8 26.Ba2 R4c5 27.Kg1 b4 28.axb4 axb4 29.c4 Ne7
30.b3 Ra5 31.Bb1 Qa7 32.Kh1 Rcc5 33.Nb5 Rcxb5 34.cxb5 Nd5 35.Qc4 Kh7 36.Rfe1 Nc3
37.Qxb4 Nxe2 38.Rxe2 Ra1 39.Qe1 Be4 40.b6 Qa6 41.Rxe4 fxe4 42.b7 Qd3  0-1

[Event "City-ch"]
[Site "Lisbon POR"]
[Date "2000.05.15"]
[Round "1"]
[White "Fernando,D"]
[Black "Guerra,V"]
[Result "1-0"]
[WhiteElo "2270"]
[BlackElo "2131"]

1.e4 c5 2.Nf3 e6 3.d4 cxd4 4.Nxd4 a6 5.Nc3 Qc7 6.g4 Bb4 7.Bd2 Nc6 8.Nxc6 bxc6
9.Bg2 d5 10.O-O Bd6 11.f4 Ne7 12.Qe1 O-O 13.e5 Bc5+ 14.Kh1 f6 15.Na4 Ba7
16.Ba5 Qb7 17.b3 fxe5 18.fxe5 Rxf1+ 19.Bxf1 Ng6 20.c4 Qf7 21.h3 Qf4 22.Bc3 Bf2
23.Qe2 Qg3 24.Bg2 Nh4 25.Qf1 Ra7 26.Rd1 Rf7 27.Rd3 Be3 28.Qg1 Rf2 29.Rxe3 Qxe3
30.Be1 Nxg2 31.Bxf2 Qxh3+ 32.Qh2 Qxh2+ 33.Kxh2 Nf4 34.Kg3 Nd3 35.Bd4 dxc4
36.bxc4 a5 37.Kf3 Ba6 38.Nb6 c5 39.Bc3 Nc1 40.a3 Nb3 41.Ke3 Kf7 42.Kd3 Kg6
43.Nd7 Kg5 44.Nf8 Kxg4 45.Nxe6 h5 46.Nxg7 h4 47.e6 Bc8 48.e7 Bd7 49.e8=Q Bxe8
50.Nxe8 h3 51.Be5 Nd4 52.Nf6+ Kf3 53.Ne4 Nf5 54.Nxc5 Ng3 55.Bxg3 Kxg3 56.Ne4+ Kf4
57.Nf2 h2 58.c5 Kf5 59.Kc4 Ke6 60.Kb5 Kd5 61.a4  1-0